| 000 | 00452nam a2200181Ia 4500 | ||
|---|---|---|---|
| 003 | GCL | ||
| 008 | 140319s9999 xx 000 0 eng d | ||
| 040 |
_aGCL / _cGCL |
||
| 082 | 0 | 4 |
_a617.4 _bG A |
| 100 | 1 | _aGRUNDY, DAVID | |
| 245 | 1 | 0 |
_aABC OF SPINAL CARD INJURY / _cGRUNDY, DAVID |
| 700 | 1 | _aSWAIN, ANDREW | |
| 260 |
_a[S.N] : _bB M J PUBLISHING GROUP ، _c1994 |
||
| 300 | _a61 | ||
| 650 | 0 | 4 | _aSPINAL CARD |
| 650 | 0 | 4 | _aINJURY |
| 942 |
_2ddc _cBK |
||
| 999 |
_c10843 _d10843 |
||